[Event "SRB-chT3 East CS"]
[Site "Serbia"]
[Date "2012.09.29"]
[Round "2.51"]
[White "Karaklajic, Milutin"]
[Black "Terzic, Nebojsa"]
[Result "1-0"]
[WhiteElo "2075"]
[BlackElo "2010"]
[PlyCount "67"]
[EventDate "2012.09.28"]
[EventType "team"]
[EventRounds "10"]
[EventCountry "SRB"]
[SourceTitle "EXT 2015"]
[Source "ChessBase"]
[SourceDate "2014.11.20"]
[SourceVersion "1"]
[SourceVersionDate "2014.11.20"]
[SourceQuality "1"]

1. e4 c5 2. Nf3 Nf6 3. e5 Nd5 4. c4 Nb6 5. b3 d5 6. d4 e6 7. Ba3 dxc4 8. dxc5 Qxd1+ 9. Kxd1 N6d7 10. Bxc4 Bxc5 11. Kd2 Bxa3 12. Nxa3 a6 13. Bd3 0-0 14. Rac1 Nc6 15. Nc4 f5 16. exf6 Nxf6 17. Nb6 Rb8 18. Bxa6 Nb4 19. Bc4 Nbd5 20. Bxd5 exd5 21. Nxc8 Rbxc8 22. Rxc8 Rxc8 23. Rd1 Ne4+ 24. Ke3 Nf6 25. h3 Re8+ 26. Kd4 h6 27. Ne5 Rc8 28. Nd3 Rc2 29. a4 Rc7 30. Rc1 Re7 31. Ne5 Kh7 32. Rc8 b6 33. Rh8+ Kxh8 34. Ng6+ 1-0